| 000 | 00633nam a22002177a 4500 | ||
|---|---|---|---|
| 005 | 20170124110101.0 | ||
| 010 | _aA-709756 | ||
| 020 |
_c95.00 _a8171670547 |
||
| 035 | _aA-709756 | ||
| 037 | _bCen Lib/Ret | ||
| 040 |
_aDPL _bEN |
||
| 082 |
_a954.52 _bROY |
||
| 100 |
_aRoy, Samaren _927186 |
||
| 245 |
_aCalcutta : _cby Samaren Roy _bsociety and change, 1690-1990 / |
||
| 260 |
_aCalcutta _bRupa _c1991 |
||
| 270 |
_bCalcutta _a15 Bankim Chatterjee Street _e700073 |
||
| 300 |
_a220p. : _c20cm(Hb) _bill. |
||
| 650 |
_aIndia--Kolkata _974378 |
||
| 650 |
_aCivilization _915651 |
||
| 942 |
_2ddc _cEN _h954.52 _mROY |
||
| 999 |
_c129714 _d129714 |
||